Normal view
MARC view
- الشمايلة ، ناصر جميل محمد
Entry Personal Name
001 - CONTROL NUMBER
- control field: 11158
003 - CONTROL NUMBER IDENTIFIER
- control field: JO-AjAnu
005 - DATE AND TIME OF LATEST TRANSACTION
- control field: 20230606072106.0
008 - FIXED-LENGTH DATA ELEMENTS
- fixed length control field: 230606|| aca||aabn | a|a d
040 ## - CATALOGING SOURCE
- Original cataloging agency: JO-AjAnu
- Transcribing agency: JO-AjAnu
100 ## - HEADING--PERSONAL NAME
- Personal name: الشمايلة ، ناصر جميل محمد
670 ## - SOURCE DATA FOUND
- Source citation: Work cat.: (JO-AjAnu)5746: الشمايلة ، ناصر جميل محمد, author, الضرر الأدبي وانتقال الحق في التعويض عنة